000 00645nam a22002057a 4500
005 20170823162413.0
008 130117t xxu||||| |||| 00| 0 eng d
010 _aENG-120035
020 _a9789386535153
_c995.00
035 _aEN-103567
037 _bDBAD/PUB
082 _a230.1
245 _aThe great warriors of the Mahabharta /
_cedited by Lenin Rathore
260 _aNew Delhi
_bLotus Press
_c2017
270 _a4263/3, Ansari Road, Daryaganj
_bNew Delhi
_e110002
300 _avii, 296p.
_c22cm(pbk)
651 _aIndia
_xHistory
_yTo 1206 A.D.
_954845
700 _aRathore,Lenin
942 _2ddc
_cEN
_mTHE
_h230.1
999 _c143729
_d143729